AT40 (05/06/2023) with Total Spotify Streams - Statistics

General Stats
  • This quiz has been taken 2 times
  • The average score is 11 of 40
Answer Stats
Artist(s) Title Total Spotify Streams as of 5/4/23 % Correct
Taylor Swift Anti-Hero 801.1M
100%
Miley Cyrus Flowers 991.8M
100%
Niall Horan Heaven 97.2M
100%
Meghan Trainor Mother 35M
100%
Sabrina Carpenter Nonsense 237.6M
100%
Sam Smith / Kim Petras Unholy 1.1B
100%
Jonas Brothers Waffle House 15.5M
100%
The Weeknd Die For You 1.5B
50%
Ed Sheeran Eyes Closed 79.4M
50%
NF HAPPY 22.7M
50%
David Guetta / Bebe Rexha I'm Good 924.1M
50%
SZA Kill Bill 883.7M
50%
Taylor Swift Lavender Haze 395.6M
50%
Kane Brown / Katelyn Brown Thank God 74.1M
50%
Taylor Swift All Of The Girls You Loved Before 101.4M
0%
Lady Gaga Bloody Mary 315.3M
0%
PinkPantheress Boy's a liar 131.5M
0%
Rema / Selena Gomez Calm Down 683M
0%
Zara Larsson Can't Tame Her 43.9M
0%
Post Malone Chemical 49.7M
0%
Jax Cinderella Snapped 6.6M
0%
Metro Boomin / The Weeknd / 21 Savage Creepin' 635.4M
0%
Halsey Die 4 Me 32.3M
0%
RAYE / 070 Shake Escapism. 420.9M
0%
Toosii Favorite Song 54.3M
0%
Bebe Rexha Heart Wants What It Wants 13.7M
0%
Post Malone / Doja Cat I Like You 535.6M
0%
Morgan Wallen Last Night 235.2M
0%
XG LEFT RIGHT 43.1M
0%
Latto / LU KALA Lottery 19.7M
0%
The Kid LAROI Love Again 117.1M
0%
Meghan Trainor Made You Look 428M
0%
Macklemore / Collett NO BAD DAYS 11.4M
0%
Coi Leray Players 237.2M
0%
Miley Cyrus River 66.6M
0%
Lizzo / SZA Special 34.8M
0%
Nicki Minaj Super Freaky Girl 388.5M
0%
Miguel Sure Thing 843M
0%
P!nk TRUSTFALL 79.8M
0%
Chris Brown Under The Influence 817.8M
0%
No matching quizzes found
Score Distribution
Percent of People with Each Score
Percentile by Number Answered
Your Score History
You have not taken this quiz